[Event "GER-chT Betriebe 18th"]
[Site "Altenberg Zinnwald"]
[Date "2018.11.10"]
[Round "5.4"]
[White "Hoffeins, Hans Werner"]
[Black "Hartig, Uwe"]
[Result "0-1"]
[WhiteElo "1542"]
[BlackElo "1989"]
[PlyCount "38"]
[EventDate "2018.11.08"]
[EventType "team-swiss"]
[EventRounds "7"]
[EventCountry "GER"]
[SourceTitle "EXT 2020"]
[Source "ChessBase"]
[SourceDate "2019.10.17"]
[SourceVersion "1"]
[SourceVersionDate "2019.10.17"]
[SourceQuality "1"]
[WhiteTeam "Hamburg Baubehoerde II"]
[BlackTeam "Erkrath"]
[WhiteTeamCountry "GER"]
[BlackTeamCountry "GER"]

1. Nf3 d6 2. g3 e5 3. d3 Nc6 4. Bg2 Be7 5. c3 Be6 6. e4 Qd7 7. Qe2 Bh3 8. Qf1 Bxg2 9. Qxg2 d5 10. 0-0 Nf6 11. Nfd2 0-0 12. exd5 Nxd5 13. Nf3 Rad8 14. Nbd2 Nb6 15. Ne1 a5 16. a3 Na4 17. Ndf3 Nc5 18. d4 Nb3 19. Rb1 Qf5 0-1

[Event "GER-chT Betriebe 17th"]
[Site "Berlin"]
[Date "2017.11.02"]
[Round "2.2"]
[White "Busse, Wolfgang"]
[Black "Hoffeins, Hans Werner"]
[Result "1/2-1/2"]
[WhiteElo "1841"]
[BlackElo "1512"]
[PlyCount "104"]
[EventDate "2017.11.02"]
[EventType "team-swiss"]
[EventRounds "7"]
[EventCountry "GER"]
[SourceTitle "EXT 2020"]
[Source "ChessBase"]
[SourceDate "2019.10.17"]
[SourceVersion "1"]
[SourceVersionDate "2019.10.17"]
[SourceQuality "1"]
[WhiteTeam "Berlin Vattenfall"]
[BlackTeam "Hamburg Baubehoerde II"]
[WhiteTeamCountry "GER"]
[BlackTeamCountry "GER"]

1. e4 d6 2. d4 Nf6 3. Bd3 e5 4. c3 Nbd7 5. Ne2 c5 6. d5 c4 7. Bc2 Nc5 8. f3 Bd7 9. b4 cxb3 10. axb3 Be7 11. b4 Na6 12. Be3 Qc7 13. 0-0 0-0 14. Bd3 Bc8 15. Nd2 Nh5 16. Qc2 Nf4 17. Nxf4 exf4 18. Bd4 Bd7 19. Rfc1 Qc8 20. e5 dxe5 21. Bxh7+ Kh8 22. Bxe5 f5 23. Bg6 Bf6 24. Bd6 Rd8 25. Rab1 Ba4 26. Qxa4 Rxd6 27. Bf7 Qd8 28. Nc4 Rd7 29. Be6 Re7 30. Qa5 Nc7 31. d6 Rxe6 32. dxc7 Qe7 33. Qxf5 Rc8 34. Qh5+ Kg8 35. Qd5 Kh7 36. Nd2 Rxc7 37. Ne4 g5 38. Qf5+ Kg7 39. c4 b6 40. c5 Re5 41. Qxf6+ Qxf6 42. Nxf6 Kxf6 43. cxb6 Rxc1+ 44. Rxc1 axb6 45. Rc6+ Re6 46. Rc8 Ke7 47. Kf2 Kd7 48. Rc4 Kd6 49. g3 fxg3+ 50. hxg3 Kd5 51. Rc8 Ke5 52. f4+ gxf4 1/2-1/2

[Event "GER-chT Betriebe 16th"]
[Site "Dresden"]
[Date "2016.11.06"]
[Round "7.2"]
[White "Hoffeins, Hans Werner"]
[Black "Hein, Ralf"]
[Result "0-1"]
[WhiteElo "1441"]
[BlackElo "2047"]
[PlyCount "108"]
[EventDate "2016.11.03"]
[EventType "team-swiss"]
[EventRounds "7"]
[EventCountry "GER"]
[SourceTitle "EXT 2020"]
[Source "ChessBase"]
[SourceDate "2019.10.17"]
[SourceVersion "1"]
[SourceVersionDate "2019.10.17"]
[SourceQuality "1"]
[WhiteTeam "Hamburg Baubehoerde II"]
[BlackTeam "Hamburg Baubehoerde"]
[WhiteTeamCountry "GER"]
[BlackTeamCountry "GER"]

1. Nf3 d5 2. g3 e6 3. Bg2 h5 4. h4 Nf6 5. d3 c5 6. Nbd2 Nc6 7. e4 dxe4 8. dxe4 e5 9. 0-0 Bg4 10. Nc4 Qc7 11. Qe1 Bxf3 12. Bxf3 Nd4 13. Bd1 0-0-0 14. c3 Ne6 15. Bf3 Be7 16. Qe2 Rdg8 17. Bg5 Nxg5 18. hxg5 Nh7 19. Bxh5 Nxg5 20. Bg4+ Kb8 21. Kg2 f6 22. Rh1 Rxh1 23. Rxh1 Qc6 24. f3 Qa6 25. b3 Rd8 26. Kf2 Ne6 27. Ne3 Nc7 28. Qxa6 Nxa6 29. Ke2 Nc7 30. Nf5 Bf8 31. Rh8 Nb5 32. c4 Nc3+ 33. Ke3 Nxa2 34. Nxg7 Be7 35. Rxd8+ Bxd8 36. Bd7 Kc7 37. Ba4 Be7 38. Kd2 Kb6 39. Nf5 Bf8 40. f4 Ka5 41. fxe5 fxe5 42. g4 Kb4 43. g5 Nc3 44. Kd3 a6 45. Bd7 Kxb3 46. g6 a5 47. Ne7 a4 48. Nd5 Na2 49. Bxa4+ Kxa4 50. Ne7 Kb3 51. Nf5 Nb4+ 52. Kd2 Kxc4 53. g7 Bxg7 54. Nxg7 Nc6 0-1

[Event "GER-chT Betriebe 16th"]
[Site "Dresden"]
[Date "2016.11.05"]
[Round "6.2"]
[White "Hoffeins, Hans Werner"]
[Black "Supplieth, Joerg"]
[Result "1/2-1/2"]
[WhiteElo "1441"]
[BlackElo "1731"]
[PlyCount "27"]
[EventDate "2016.11.03"]
[EventType "team-swiss"]
[EventRounds "7"]
[EventCountry "GER"]
[SourceTitle "EXT 2020"]
[Source "ChessBase"]
[SourceDate "2019.10.17"]
[SourceVersion "1"]
[SourceVersionDate "2019.10.17"]
[SourceQuality "1"]
[WhiteTeam "Hamburg Baubehoerde II"]
[BlackTeam "Hamburg Transit II"]
[WhiteTeamCountry "GER"]
[BlackTeamCountry "GER"]

1. Nf3 Nc6 2. g3 e5 3. d3 Nf6 4. Nbd2 b6 5. Bg2 Rb8 6. 0-0 Bb7 7. e4 Be7 8. a3 d6 9. Re1 h5 10. h4 Ng4 11. Nf1 Bc8 12. d4 exd4 13. Nxd4 Bd7 14. Nf5 1/2-1/2

[Event "GER-chT Betriebe 16th"]
[Site "Dresden"]
[Date "2016.11.05"]
[Round "4.2"]
[White "Hoffeins, Hans Werner"]
[Black "Tochtrop, Matthias"]
[Result "0-1"]
[WhiteElo "1441"]
[BlackElo "2174"]
[PlyCount "94"]
[EventDate "2016.11.03"]
[EventType "team-swiss"]
[EventRounds "7"]
[EventCountry "GER"]
[SourceTitle "EXT 2020"]
[Source "ChessBase"]
[SourceDate "2019.10.17"]
[SourceVersion "1"]
[SourceVersionDate "2019.10.17"]
[SourceQuality "1"]
[WhiteTeam "Hamburg Baubehoerde II"]
[BlackTeam "Duesseldorf Vodafone"]
[WhiteTeamCountry "GER"]
[BlackTeamCountry "GER"]

1. Nf3 g6 2. g3 Bg7 3. Bg2 Nf6 4. 0-0 0-0 5. d3 d6 6. Nbd2 e5 7. e4 Nc6 8. c3 d5 9. Qe2 Re8 10. Re1 h6 11. Qf1 Be6 12. h3 Qd7 13. Nb3 b6 14. exd5 Nxd5 15. d4 exd4 16. Nbxd4 Nxd4 17. cxd4 f6 18. a3 Kh7 19. Bd2 Rad8 20. Rac1 Qa4 21. Qc4 Qd7 22. Qf1 Bf8 23. Kh2 Bd6 24. Nh4 Be7 25. Nf3 g5 26. Bc3 Bf5 27. Nd2 Bf8 28. Be4 Bxe4 29. Rxe4 f5 30. Rxe8 Rxe8 31. Re1 Rxe1 32. Qxe1 Qe7 33. Qxe7+ Bxe7 34. a4 Ba3 35. Nf3 Kg7 36. Ne5 Nxc3 37. bxc3 Bb2 38. c4 Bxd4 39. Nc6 Bxf2 40. Nxa7 Bc5 41. Kg2 Kg6 42. Nb5 c6 43. Na7 b5 44. Nxc6 bxa4 45. Kf3 a3 46. Na5 a2 47. Nb3 Bd4 0-1

[Event "GER-chT Betriebe 14th"]
[Site "Dresden"]
[Date "2014.11.20"]
[Round "1.2"]
[White "Hoffeins, Hans Werner"]
[Black "Feikes, Joerg"]
[Result "1/2-1/2"]
[WhiteElo "1791"]
[BlackElo "1968"]
[PlyCount "60"]
[EventDate "2014.11.20"]
[EventType "team-swiss"]
[EventRounds "7"]
[EventCountry "GER"]
[SourceTitle "EXT 2020"]
[Source "ChessBase"]
[SourceDate "2019.10.17"]
[SourceVersion "1"]
[SourceVersionDate "2019.10.17"]
[SourceQuality "1"]
[WhiteTeam "Hamburg Baubehoerde II"]
[BlackTeam "Berlin Tempelhof"]
[WhiteTeamCountry "GER"]
[BlackTeamCountry "GER"]

1. e4 e5 2. Nf3 Nc6 3. d3 Nf6 4. Be2 Bc5 5. 0-0 d6 6. c3 a6 7. Nbd2 Ba7 8. Nc4 Be6 9. Ne3 Ne7 10. Re1 0-0 11. h3 Ng6 12. Nf1 c6 13. Be3 d5 14. Bxa7 Rxa7 15. Ng3 b5 16. a4 dxe4 17. dxe4 Qb8 18. axb5 Rd8 19. Qa4 cxb5 20. Bxb5 Rb7 21. Bf1 Rxb2 22. Qxa6 h6 23. Qa7 Qb3 24. Qe3 Bc4 25. Bxc4 Qxc4 26. Rad1 Rxd1 27. Rxd1 Rc2 28. Rc1 Rxc1+ 29. Qxc1 Nxe4 30. Nxe4 Qxe4 1/2-1/2

[Event "GER-chT Betriebe"]
[Site "Berlin"]
[Date "2006.10.06"]
[Round "4.3"]
[White "Figger, Udo"]
[Black "Hoffeins, Hans Werner"]
[Result "1-0"]
[WhiteElo "1906"]
[BlackElo "1868"]
[PlyCount "61"]
[EventDate "2006.10.05"]
[EventType "team-tourn"]
[EventRounds "7"]
[EventCountry "GER"]
[SourceTitle "EXT 2020"]
[Source "ChessBase"]
[SourceDate "2019.10.17"]
[SourceVersion "1"]
[SourceVersionDate "2019.10.17"]
[SourceQuality "1"]
[WhiteTeam "Hamburg Transit"]
[BlackTeam "Hamburg Baubehoerde II"]
[WhiteTeamCountry "GER"]
[BlackTeamCountry "GER"]

1. Nc3 Nf6 2. e4 e5 3. f4 d6 4. Nf3 Bg4 5. Bc4 Bxf3 6. Qxf3 Nc6 7. Bb5 Be7 8. fxe5 dxe5 9. 0-0 0-0 10. Bxc6 bxc6 11. d3 Rb8 12. Qg3 Qd6 13. Rb1 Kh8 14. Bg5 Nh5 15. Bxe7 Qxe7 16. Qe3 c5 17. Nd5 Qd6 18. Qg5 Nf4 19. Nxf4 exf4 20. Qxf4 Qd4+ 21. Qf2 Qe5 22. b3 Rb6 23. Qe3 Rh6 24. h3 Rg6 25. Rf5 Qd6 26. Qxc5 Qd8 27. Rbf1 Kg8 28. Qxa7 Qc8 29. Qf2 Qd7 30. a4 Re6 31. a5 1-0